[Event "VII Open Primavera Vomero"]
[Site "Napoli ITA"]
[Date "2010.04.22"]
[Round "6"]
[White "Basso, Lorenzo"]
[Black "Symonovych, Volodymyr"]
[Result "1-0"]
[WhiteElo "1899"]
[BlackElo "1536"]
[PlyCount "43"]
[EventDate "2010.03.18"]

1. d4 d5 2. Bg5 h6 3. Bh4 Nf6 4. Nf3 Bf5 5. c4 e6 6. Nc3 c6 7. e3 Nbd7 8. Be2
Bb4 9. O-O Qa5 10. Qb3 O-O 11. Rfc1 Bxc3 12. bxc3 b6 13. cxd5 cxd5 14. Nd2 Rac8
15. a4 a6 16. Qb2 Rc6 17. Nb3 Rb8 18. Bxf6 gxf6 19. Nxa5 bxa5 20. Qa2 Kh7 21.
c4 Nb6 22. c5 1-0

[Event "VII Open Primavera Vomero"]
[Site "Napoli ITA"]
[Date "2010.04.22"]
[Round "6"]
[White "Borrelli, Salvatore"]
[Black "Pinto, Gaetano"]
[Result "0-1"]
[WhiteElo "1967"]
[BlackElo "2046"]
[PlyCount "92"]
[EventDate "2010.03.18"]

1. e4 d6 2. d4 Nf6 3. Nc3 Nbd7 4. f4 e5 5. Nf3 exd4 6. Qxd4 Be7 7. Bc4 O-O 8.
O-O Nc5 9. Kh1 Be6 10. b4 Bxc4 11. Qxc4 Nfxe4 12. Nxe4 d5 13. Qb3 Nxe4 14. Bb2
Bf6 15. Bxf6 Nxf6 16. Rad1 c6 17. c4 Qc7 18. cxd5 Nxd5 19. g3 Rad8 20. b5 Nf6
21. bxc6 Rxd1 22. Rxd1 Qxc6 23. Kg1 h6 24. Qd3 Rc8 25. Ne5 Qc5+ 26. Kg2 Qc2+
27. Rd2 Qxd3 28. Nxd3 Rd8 29. Kf3 Kf8 30. Ke2 Nd5 31. Rc2 Rd7 32. Ne5 Rc7 33.
Rd2 Nf6 34. Kf3 Rc3+ 35. Nd3 h5 36. Ke3 g6 37. Kd4 Rc7 38. Ne5 Ng4 39. Nxg4
Rd7+ 40. Ke3 Rxd2 41. Kxd2 hxg4 42. Ke3 Ke7 43. Ke4 Ke6 44. Kd4 Kd6 45. Ke4 f5+
46. Kd4 b5 0-1

[Event "VII Open Primavera Vomero"]
[Site "Napoli ITA"]
[Date "2010.04.22"]
[Round "6"]
[White "Colli, Roberto"]
[Black "De Meo, Guido"]
[Result "0-1"]
[WhiteElo "1461"]
[BlackElo "1853"]
[PlyCount "79"]
[EventDate "2010.03.18"]

1. d4 c6 2. c4 d5 3. Nf3 Nf6 4. g3 g6 5. Bg2 Bg7 6. Nc3 O-O 7. O-O Nbd7 8. b3
Nb6 9. c5 Nbd7 10. Qc2 e5 11. dxe5 Ng4 12. Bg5 Qe8 13. b4 Ndxe5 14. h3 Nxf3+
15. exf3 Bf5 16. Qd2 Ne5 17. g4 Nc4 18. Qc1 Be6 19. Bh6 Qd8 20. Bxg7 Kxg7 21.
Qf4 f5 22. Qd4+ Qf6 23. Qxf6+ Kxf6 24. Rad1 Rfe8 25. Rd3 Bd7 26. b5 Re7 27.
bxc6 bxc6 28. Rb1 Bc8 29. f4 Be6 30. g5+ Kf7 31. Bf3 Kg7 32. h4 Rae8 33. Re1
Bc8 34. Rxe7+ Rxe7 35. Rd1 Ba6 36. Rb1 Nd2 37. Rb4 Nxf3+ 38. Kg2 Ne1+ 39. Kg3
Nd3 40. Nxd5 0-1

[Event "VII Open Primavera Vomero"]
[Site "Napoli ITA"]
[Date "2010.04.22"]
[Round "6"]
[White "De Fazio, Giovanni"]
[Black "Khosravani, Afshin"]
[Result "1-0"]
[WhiteElo "1762"]
[BlackElo "1464"]
[PlyCount "47"]
[EventDate "2010.03.18"]

1. e4 d6 2. d4 g6 3. Nf3 Bg7 4. Bd3 Nf6 5. Be3 O-O 6. O-O Nbd7 7. Qd2 Re8 8.
Bh6 Bh8 9. c3 e5 10. Bg5 b6 11. Na3 Bb7 12. Rfe1 exd4 13. cxd4 Qe7 14. e5 dxe5
15. dxe5 Nxe5 16. Nxe5 Qc5 17. Bxf6 Bxf6 18. Nd7 Qc6 19. Nxf6+ Qxf6 20. Qc3 Qd6
21. Rad1 Rxe1+ 22. Rxe1 Rd8 23. h3 Qxd3 24. Re8+ 1-0

[Event "VII Open Primavera Vomero"]
[Site "Napoli ITA"]
[Date "2010.04.22"]
[Round "6"]
[White "Donadio, Andrea"]
[Black "Iannotta, Francesco"]
[Result "0-1"]
[WhiteElo "1697"]
[BlackElo "1694"]
[PlyCount "94"]
[EventDate "2010.03.18"]

1. c4 Nf6 2. Nc3 g6 3. g3 Bg7 4. Bg2 O-O 5. Nf3 d6 6. O-O e5 7. d3 Nc6 8. Bg5
h6 9. Bxf6 Bxf6 10. Rb1 a5 11. a3 Ne7 12. Nd2 Rb8 13. Nd5 Nxd5 14. cxd5 Bg7 15.
Qa4 b6 16. Rfc1 f5 17. Qc4 Rf7 18. Nf3 Kh7 19. b4 axb4 20. axb4 Qe7 21. b5 Bb7
22. Rb4 Ra8 23. Ne1 Qg5 24. f4 Qe7 25. Nc2 exf4 26. gxf4 Qxe2 27. Re1 Qg4 28.
Rbb1 Qh4 29. Re3 g5 30. Rf1 g4 31. d4 Re7 32. Rfe1 Rae8 33. Qd3 Bc8 34. Rxe7
Rxe7 35. Ra1 Qf6 36. Qc4 Qf7 37. Ra8 Bd7 38. Qxc7 Bxb5 39. Qxb6 Bd3 40. Rc8
Bxc2 41. Rxc2 Re1+ 42. Kf2 Qe7 43. Rc3 Qe2+ 44. Kg3 Qd2 45. Rc7 Qe3+ 46. Kh4
Qxf4 47. Rxg7+ Kxg7 0-1

[Event "VII Open Primavera Vomero"]
[Site "Napoli ITA"]
[Date "2010.04.22"]
[Round "6"]
[White "Fezza, Davide"]
[Black "Gallo, Thomas Renato"]
[Result "1/2-1/2"]
[WhiteElo "2064"]
[BlackElo "1889"]
[PlyCount "120"]
[EventDate "2010.03.18"]

1. e4 e5 2. f4 d5 3. exd5 exf4 4. Nf3 Nf6 5. c4 c6 6. d4 Bb4+ 7. Nc3 cxd5 8.
Bxf4 Qa5 9. Bd2 Nc6 10. Be2 Ne4 11. Nxe4 dxe4 12. Ng1 Nxd4 13. Bxb4 Qxb4+ 14.
Kf1 Nf5 15. Qb3 Qc5 16. Qb5+ Qxb5 17. cxb5 O-O 18. Kf2 Rd8 19. Nh3 e3+ 20. Kf1
Rd2 21. Rd1 Rxd1+ 22. Bxd1 Be6 23. a4 Rd8 24. Ke1 Rd4 25. Ng5 Nh4 26. Nxe6
Nxg2+ 27. Ke2 Rd2+ 28. Kf3 Rf2+ 29. Ke4 fxe6 30. Bf3 Rxb2 31. Bxg2 Rxg2 32.
Kxe3 Ra2 33. Rd1 Ra3+ 34. Kd4 Rxa4+ 35. Ke5 Ra5 36. Kxe6 h6 37. Rd5 a6 38. Rd8+
Kh7 39. bxa6 bxa6 40. Ra8 Ra2 41. h3 a5 42. Kf5 a4 43. Kg4 a3 44. Kh4 Ra1 45.
Ra5 a2 46. Ra6 Kg8 47. Ra3 Kf7 48. Rf3+ Ke6 49. Rf2 g6 50. Rg2 Kf5 51. Kg3 h5
52. Kh4 Kf4 53. Rf2+ Ke3 54. Rg2 Kf3 55. Rb2 Ke3 56. Rg2 Kd3 57. Kg5 Rh1 58.
Rxa2 Rg1+ 59. Kh4 Ke4 60. Ra5 Kf4 1/2-1/2

[Event "VII Open Primavera Vomero"]
[Site "Napoli ITA"]
[Date "2010.04.22"]
[Round "6"]
[White "Guardascione, Federico G."]
[Black "Romanelli, Andrea"]
[Result "0-1"]
[WhiteElo "1536"]
[BlackElo "1500"]
[PlyCount "68"]
[EventDate "2010.03.18"]

1. e4 c6 2. d4 d5 3. f3 dxe4 4. fxe4 e5 5. Nf3 exd4 6. Bc4 Be7 7. O-O Be6 8.
Bxe6 fxe6 9. Qxd4 Qxd4+ 10. Nxd4 Bc5 11. Be3 e5 12. Nf5 Bxe3+ 13. Nxe3 Nf6 14.
Nc3 O-O 15. Rad1 b5 16. a3 a5 17. Nf5 Ra7 18. Ng3 Nbd7 19. Rd6 Rc7 20. Nf5 Re8
21. Re1 Nc5 22. Ng3 b4 23. axb4 axb4 24. Na2 b3 25. cxb3 Nxb3 26. Re3 Nd4 27.
h3 Ra8 28. Nb4 Ne8 29. Nd5 Nxd6 30. Nxc7 Ra7 31. Nf5 N6xf5 32. exf5 Rxc7 33.
Rxe5 Rb7 34. g4 Nf3+ 0-1

[Event "VII Open Primavera Vomero"]
[Site "Napoli ITA"]
[Date "2010.04.22"]
[Round "6"]
[White "Rosato, Luciano"]
[Black "Zinnai, Graziano Matteo"]
[Result "1-0"]
[WhiteElo "2260"]
[BlackElo "1662"]
[PlyCount "85"]
[EventDate "2010.03.18"]

1. d4 Nf6 2. Nf3 g6 3. c4 Bg7 4. Nc3 d6 5. e4 O-O 6. Be2 Nbd7 7. O-O e5 8. Bg5
Re8 9. d5 h6 10. Be3 Ng4 11. Bd2 f5 12. Ne1 Ngf6 13. f3 f4 14. Nd3 Nf8 15. c5
g5 16. Rc1 a6 17. cxd6 cxd6 18. Nf2 Ng6 19. a4 h5 20. a5 Bd7 21. Na4 Bxa4 22.
Qxa4 Qe7 23. Rc4 Rac8 24. Rfc1 Rxc4 25. Rxc4 Rf8 26. Qc2 Rf7 27. b4 Qd7 28. b5
axb5 29. Rb4 Qc7 30. Rb2 Qxc2 31. Rxc2 Kh7 32. Bb4 Bf8 33. Bxb5 g4 34. Be2 g3
35. hxg3 fxg3 36. Nh3 Bh6 37. Bxd6 Be3+ 38. Kh1 Kh6 39. Bc5 Bxc5 40. Rxc5 h4
41. Bb5 Re7 42. Kg1 Nh5 43. d6 1-0

[Event "VII Open Primavera Vomero"]
[Site "Napoli ITA"]
[Date "2010.04.22"]
[Round "6"]
[White "Sciaudone, Francesco"]
[Black "Sparice, Lorenzo"]
[Result "1-0"]
[WhiteElo "1575"]
[BlackElo "1452"]
[PlyCount "51"]
[EventDate "2010.03.18"]

1. e4 e5 2. Nf3 Nc6 3. Bc4 d6 4. d4 Bg4 5. h3 Bxf3 6. Qxf3 Nf6 7. dxe5 Nxe5 8.
Qe2 Be7 9. Nc3 a6 10. a4 Nxc4 11. Qxc4 O-O 12. O-O c6 13. Rd1 Qc7 14. Bg5 Rfd8
15. Bxf6 gxf6 16. Nd5 c5 17. Nxc7 Ra7 18. Nd5 Bf8 19. Nxf6+ Kh8 20. e5 Bg7 21.
Qxf7 Rf8 22. Qe7 dxe5 23. Rd8 Ra8 24. Rxa8 Rxa8 25. Rd1 Rf8 26. Rd8 1-0

[Event "C.to Provinciale RI"]
[Site "Rieti ITA"]
[Date "2010.03.19"]
[Round "1"]
[White "Fioravanti, Ivano"]
[Black "Carboni, Enrico"]
[Result "1-0"]
[WhiteElo "1668"]
[BlackElo "1731"]
[PlyCount "118"]
[EventDate "2010.03.19"]

1. e4 c5 2. Nf3 Nc6 3. c3 Nf6 4. e5 Nd5 5. d4 cxd4 6. cxd4 d6 7. Bc4 Nb6 8. Bb3
dxe5 9. dxe5 Qxd1+ 10. Bxd1 Nc4 11. Ba4 Bd7 12. e6 Bxe6 13. Bxc6+ bxc6 14. b3
Nb6 15. Bb2 f6 16. O-O Bd5 17. Nbd2 e5 18. Rac1 Bd6 19. Rfe1 O-O 20. Red1 Rad8
21. a3 c5 22. Rc3 e4 23. Nh4 Be5 24. Rc2 Bxb2 25. Rxb2 f5 26. g3 g5 27. Ng2 f4
28. Rc1 e3 29. fxe3 Bxg2 30. Kxg2 fxe3 31. Nf1 Rd3 32. Rxc5 Nd5 33. Re2 h6 34.
Rc6 Nc3 35. Rxe3 Rxe3 36. Nxe3 Ne4 37. Rxh6 Rf2+ 38. Kg1 Kg7 39. Re6 Rb2 40.
Rxe4 Rxb3 41. Nc4 Kf6 42. Kg2 Rd3 43. Re3 Rd4 44. Rf3+ Ke6 45. Ne3 g4 46. Rf4
Rd2+ 47. Kg1 Ra2 48. Ra4 Ra1+ 49. Nf1 Kf5 50. Rxa7 Ke4 51. Ra4+ Kf3 52. Rf4+
Ke2 53. a4 Ra3 54. Rxg4 Rf3 55. Rf4 Rd3 56. h4 Rc3 57. h5 Rc1 58. h6 Rc7 59. g4
Rb7 1-0

[Event "C.to Provinciale RI"]
[Site "Rieti ITA"]
[Date "2010.03.20"]
[Round "2"]
[White "Fioravanti, Ivano"]
[Black "Passerotti, Pierluigi"]
[Result "0-1"]
[WhiteElo "1668"]
[BlackElo "2251"]
[PlyCount "66"]
[EventDate "2010.03.19"]

1. e4 c5 2. Nf3 e6 3. d4 cxd4 4. Nxd4 a6 5. Nc3 b5 6. Bd3 Qb6 7. Nf3 d6 8. Be3
Qc7 9. O-O Nf6 10. a4 b4 11. Ne2 Bb7 12. Ng3 d5 13. e5 Nfd7 14. Bf4 Nc6 15. Re1
h6 16. Nh5 g6 17. Ng3 g5 18. Be3 Ncxe5 19. Nh5 Bd6 20. Ng7+ Ke7 21. g3 Rag8 22.
Nh5 g4 23. Nd4 Rg5 24. Bxg5+ hxg5 25. Ng7 Kf6 26. Ngxe6 fxe6 27. f4 gxf3 28.
Nxf3 Bc5+ 29. Kh1 g4 30. Nh4 d4+ 31. Kg1 Rxh4 32. Rf1+ Nf3+ 33. Rxf3+ Bxf3 0-1

[Event "C.to Provinciale RI"]
[Site "Rieti ITA"]
[Date "2010.03.20"]
[Round "3"]
[White "Pitrelli, Antonio"]
[Black "Fioravanti, Ivano"]
[Result "1-0"]
[WhiteElo "1895"]
[BlackElo "1668"]
[PlyCount "35"]
[EventDate "2010.03.19"]

1. d4 Nf6 2. c4 g6 3. g3 Bg7 4. Bg2 O-O 5. Nf3 e6 6. O-O d6 7. Nc3 Nbd7 8. e4
e5 9. Be3 exd4 10. Bxd4 c5 11. Be3 Nb6 12. Qd3 Be6 13. b3 Re8 14. Rad1 Nc8 15.
Nb5 Qb6 16. Ng5 Ng4 17. Nxe6 Nxe3 18. Nxg7 1-0

[Event "C.to Provinciale RI"]
[Site "Rieti ITA"]
[Date "2010.04.04"]
[Round "4"]
[White "Albano, Alessandro"]
[Black "Fioravanti, Ivano"]
[Result "0-1"]
[WhiteElo "1515"]
[BlackElo "1668"]
[PlyCount "61"]
[EventDate "2010.03.19"]

1. d4 Nf6 2. Bf4 d6 3. Nf3 g6 4. Nbd2 Bg7 5. e4 O-O 6. Qe2 Nbd7 7. O-O-O c5 8.
e5 dxe5 9. dxe5 Nd5 10. Bg3 e6 11. h4 N7b6 12. Ne4 Na4 13. c4 Qb6 14. cxd5 exd5
15. Rxd5 Be6 16. Rd6 Qb4 17. a3 Qb3 18. Qc2 Qa2 19. Bf4 Rfd8 20. Qxa4 Bb3 21.
Bc4 Qa1+ 22. Kd2 Qxb2+ 23. Ke3 Bxa4 24. Nxc5 Qxa3+ 25. Nd3 Rxd6 26. exd6 Re8+
27. Be5 Bxe5 28. Nfxe5 Rxe5+ 29. Kf4 Re8 30. d7 Bxd7 31. Rd1 0-1

[Event "C.to Provinciale RI"]
[Site "Rieti ITA"]
[Date "2010.03.21"]
[Round "5"]
[White "Fioravanti, Ivano"]
[Black "Maddaloni, Giovanni"]
[Result "0-1"]
[WhiteElo "1668"]
[BlackElo "1776"]
[PlyCount "56"]
[EventDate "2010.03.19"]

1. e4 c5 2. Nf3 d6 3. d4 cxd4 4. Nxd4 Nf6 5. Nc3 g6 6. Be3 Bg7 7. Be2 a6 8. a4
Nc6 9. f4 O-O 10. O-O Bd7 11. Nf3 Ng4 12. Bd2 Qb6+ 13. Kh1 Nf2+ 14. Rxf2 Qxf2
15. Nd5 Nd4 16. Nxd4 Qxd4 17. Nxe7+ Kh8 18. Bd3 Bc6 19. Bc3 Qb6 20. f5 Bxc3 21.
bxc3 Qd8 22. f6 d5 23. Qg4 Qd6 24. Rf1 Rae8 25. Qh4 dxe4 26. Bxe4 Bxe4 27. Qxe4
Rd8 28. h4 Qg3 0-1

[Event "C.to Provinciale BI-VC"]
[Site "Valle Mosso ITA"]
[Date "2010.03.12"]
[Round "1"]
[White "Abbruzzo, Thomas"]
[Black "Licco, Nunzio"]
[Result "0-1"]
[WhiteElo "1389"]
[BlackElo "1628"]
[PlyCount "80"]
[EventDate "2010.03.12"]

1. e4 e5 2. Nf3 Nc6 3. Bc4 Nf6 4. Nc3 Bc5 5. d3 d6 6. Ng5 O-O 7. O-O a6 8. Kh1
b5 9. Bb3 Nd4 10. f4 Nxb3 11. axb3 c6 12. Nf3 exf4 13. Bxf4 Bg4 14. Ne2 d5 15.
exd5 Nxd5 16. Bd2 Be3 17. h3 Bh5 18. c4 Bxd2 19. Qxd2 Nf6 20. Nf4 Ne4 21. Qe3
Ng3+ 22. Kh2 Nxf1+ 23. Rxf1 Re8 24. Qd2 Bg6 25. h4 Ra7 26. h5 Bf5 27. Qc3 Qd6
28. Nh4 Bxd3 29. h6 Qxh6 30. Qxd3 Qxh4+ 31. Kg1 Rae7 32. Nh3 Re1 33. Kh2 Rxf1
34. Qxf1 Qh5 35. Qd3 Qe5+ 36. Kh1 Qxb2 37. Kh2 Qe5+ 38. Kh1 Qe4 39. Qg3 Qe1+
40. Qxe1 Rxe1+ 0-1

[Event "C.to Provinciale BI-VC"]
[Site "Valle Mosso ITA"]
[Date "2010.03.12"]
[Round "1"]
[White "Avetta, Gianmario"]
[Black "Siclari, Giovanni"]
[Result "1-0"]
[WhiteElo "1703"]
[BlackElo "1434"]
[PlyCount "57"]
[EventDate "2010.03.12"]

1. d4 f5 2. g3 Nf6 3. Bg2 g6 4. c3 Bg7 5. Bg5 d6 6. Nd2 c6 7. Qc2 O-O 8. Ngf3
h6 9. Be3 Nd5 10. Nh4 Nxe3 11. fxe3 Kh7 12. e4 e6 13. O-O-O d5 14. e5 Na6 15.
h3 c5 16. e3 b5 17. Nhf3 b4 18. c4 Bb7 19. g4 fxg4 20. hxg4 dxc4 21. Qxc4 cxd4
22. Ng5+ Qxg5 23. Bxb7 dxe3 24. Ne4 Qxe5 25. Qc2 Rac8 26. Ng5+ Kg8 27. Bxc8
Rxc8 28. Qxc8+ Bf8 29. Qxe6+ 1-0

[Event "C.to Provinciale BI-VC"]
[Site "Valle Mosso ITA"]
[Date "2010.03.12"]
[Round "1"]
[White "Bardone, Lorenzo"]
[Black "Squara, Marco"]
[Result "1/2-1/2"]
[WhiteElo "1515"]
[BlackElo "1824"]
[PlyCount "50"]
[EventDate "2010.03.12"]

1. e4 c5 2. Nf3 Nc6 3. Bb5 d6 4. O-O Bd7 5. Re1 a6 6. Bf1 Nf6 7. d3 g6 8. g3
Bg7 9. Bg2 O-O 10. Nc3 Qc8 11. Na4 Qc7 12. c4 Bg4 13. h3 Bxf3 14. Bxf3 Nd4 15.
Be3 Nxf3+ 16. Qxf3 b5 17. Nc3 b4 18. Ne2 Nd7 19. Bc1 a5 20. Rb1 Ne5 21. Qe3 Qd7
22. f4 Nc6 23. Kg2 Nd4 24. Nxd4 Bxd4 25. Qe2 Bg7 1/2-1/2

[Event "C.to Provinciale BI-VC"]
[Site "Valle Mosso ITA"]
[Date "2010.03.12"]
[Round "1"]
[White "Giordanetti, Giuseppe"]
[Black "Ubezio, Marco"]
[Result "0-1"]
[WhiteElo "1532"]
[BlackElo "2139"]
[PlyCount "98"]
[EventDate "2010.03.12"]

1. e4 e5 2. Nf3 Nc6 3. Bb5 a6 4. Ba4 Nf6 5. Nc3 b5 6. Bb3 Bc5 7. d3 h6 8. a3 d6
9. h3 O-O 10. O-O Be6 11. Nd5 Nd7 12. Be3 Nd4 13. Nxd4 exd4 14. Bf4 a5 15. Bd2
c6 16. Nf4 Bxb3 17. cxb3 Qe7 18. Rc1 b4 19. a4 Rac8 20. Ne2 Rfe8 21. f4 Ba7 22.
Rf3 Nc5 23. Be1 Nxe4 24. Kh1 Nf6 25. Rc2 Nd5 26. Bf2 Qf6 27. Qg1 Ne3 28. Rd2
Qe6 29. Nc1 d5 30. Re2 Qf6 31. Qe1 Qg6 32. g4 f5 33. Qg1 fxg4 34. hxg4 Qxg4 35.
Rg3 Qh4+ 36. Qh2 Qxh2+ 37. Kxh2 Nf1+ 38. Kg2 Nxg3 39. Kxg3 Rxe2 40. Nxe2 c5 41.
Kf3 Bb8 42. Ng3 Rf8 43. Ne2 g5 44. Bg3 h5 45. Bh2 Kh7 46. Kg2 gxf4 47. Kf3 Kg6
48. Bxf4 Bxf4 49. Nxf4+ Kg5 0-1

[Event "C.to Provinciale BI-VC"]
[Site "Valle Mosso ITA"]
[Date "2010.03.12"]
[Round "1"]
[White "Isoardi, Luigi"]
[Black "Saviano, Sabato"]
[Result "1-0"]
[WhiteElo "1425"]
[BlackElo "1684"]
[PlyCount "99"]
[EventDate "2010.03.12"]

1. d4 d5 2. Nf3 Nf6 3. e3 Bg4 4. c4 dxc4 5. Bxc4 e6 6. Nc3 c6 7. Bd2 Bb4 8. a3
Bxc3 9. Bxc3 Ne4 10. Be2 Nd7 11. Nd2 Bxe2 12. Qxe2 Ndf6 13. O-O O-O 14. Rac1
Nxd2 15. Bxd2 Ne4 16. Bb4 Re8 17. Rfd1 Qh4 18. Be1 Nf6 19. f3 Qh5 20. e4 e5 21.
Qf2 exd4 22. Rxd4 c5 23. Rd3 b6 24. Rcd1 Qg6 25. Qh4 h6 26. Rd6 Re5 27. Bc3 Rg5
28. R1d2 Rh5 29. Qf4 Qg5 30. Rd8+ Rxd8 31. Rxd8+ Kh7 32. Qxg5 hxg5 33. Bxf6
gxf6 34. Rd7 Kg7 35. Rxa7 Rh8 36. Rb7 b5 37. Rxb5 Rc8 38. Kf2 c4 39. a4 c3 40.
bxc3 Rxc3 41. a5 Rc7 42. Ke3 Kf8 43. Kd4 Ke7 44. a6 Kd7 45. Rb7 Rxb7 46. axb7
Kc7 47. Kd5 Kxb7 48. Kd6 Kb6 49. Ke7 Kc5 50. Kxf7 1-0

[Event "C.to Provinciale BI-VC"]
[Site "Valle Mosso ITA"]
[Date "2010.03.12"]
[Round "1"]
[White "Lavino, Stefano"]
[Black "Siclari, Alberto"]
[Result "0-1"]
[WhiteElo "1755"]
[BlackElo "1461"]
[PlyCount "104"]
[EventDate "2010.03.12"]

1. e4 c5 2. Nf3 e6 3. d4 cxd4 4. Nxd4 Nc6 5. Nc3 a6 6. Nf3 d6 7. Be2 Be7 8. O-O
Nf6 9. Be3 O-O 10. a3 Ng4 11. Qd2 Nxe3 12. Qxe3 Rb8 13. Rfd1 Qc7 14. b4 b5 15.
Rab1 f5 16. exf5 Rxf5 17. Ne4 Ne5 18. Ng3 Nxf3+ 19. Bxf3 Re5 20. Qb3 d5 21. Re1
Rg5 22. Re2 Rb6 23. Rbe1 Bf6 24. h3 Re5 25. Qd3 Rxe2 26. Rxe2 Bb7 27. Nf1 Rc6
28. Bxd5 exd5 29. Re8+ Kf7 30. Re3 Rc3 31. Qxh7 Rxe3 32. Nxe3 Qe5 33. Qd3 Qg5
34. Ng4 d4 35. Qb3+ Bd5 36. Qd3 Qg6 37. Qg3 Qxc2 38. Ne5+ Ke6 39. Nd3 Qc6 40.
Nc5+ Kf7 41. f3 Bc4 42. Qg4 d3 43. Qh5+ Ke7 44. Ne4 Bd4+ 45. Kh2 Qd5 46. Qh4+
Bf6 47. Qe1 Qe5+ 48. g3 Kf8 49. Qd2 Qb2 50. Kg2 Qxd2+ 51. Nxd2 Bb2 52. Nb1 Bxa3
0-1

[Event "C.to Provinciale BI-VC"]
[Site "Valle Mosso ITA"]
[Date "2010.03.12"]
[Round "1"]
[White "Migliorini, Matteo"]
[Black "Mehmedovic, Dzevad"]
[Result "1-0"]
[WhiteElo "1638"]
[BlackElo "1410"]
[PlyCount "75"]
[EventDate "2010.03.12"]

1. e4 e5 2. Nf3 d6 3. d4 exd4 4. Nxd4 Nf6 5. Nc3 h6 6. Bd3 a6 7. O-O Be7 8. Re1
Nbd7 9. Nf5 O-O 10. Bf4 Ne5 11. Nxe7+ Qxe7 12. Nd5 Qd8 13. c4 c6 14. Ne3 Qe7
15. Bc2 Rd8 16. Qe2 Nfg4 17. Nxg4 Bxg4 18. f3 Be6 19. b3 Qf6 20. Bg3 Ng6 21.
Rad1 Bc8 22. e5 Qg5 23. exd6 Be6 24. Qe3 Qf6 25. Be5 Nxe5 26. Qxe5 Rd7 27. Qxf6
gxf6 28. f4 f5 29. Re5 Kg7 30. Bxf5 Kf6 31. Bxe6 fxe6 32. c5 Rg8 33. Rde1 Rdg7
34. Rxe6+ Kf5 35. g3 h5 36. R1e5+ Kg4 37. Kg2 h4 38. h3# 1-0

[Event "C.to Provinciale BI-VC"]
[Site "Valle Mosso ITA"]
[Date "2010.03.12"]
[Round "1"]
[White "Rodighiero, Giuseppe"]
[Black "Curinga, Mauro"]
[Result "1-0"]
[WhiteElo "2175"]
[BlackElo "1560"]
[PlyCount "43"]
[EventDate "2010.03.12"]

1. d4 d5 2. Nf3 g6 3. c4 c6 4. Nc3 Nf6 5. e3 Bg7 6. Be2 O-O 7. O-O Bg4 8. cxd5
cxd5 9. Qb3 b6 10. Bd2 e6 11. Rac1 Ne4 12. Rfd1 Nc6 13. Nxe4 dxe4 14. Rxc6 exf3
15. gxf3 Bh3 16. f4 Rc8 17. Rxc8 Qxc8 18. e4 e5 19. dxe5 Be6 20. Qa4 Qd7 21.
Qxd7 Bxd7 22. Bb4 1-0

[Event "C.to Provinciale BI-VC"]
[Site "Valle Mosso ITA"]
[Date "2010.03.12"]
[Round "1"]
[White "Santo, Elena"]
[Black "Tibaldeschi, Attilio"]
[Result "0-1"]
[WhiteElo "1455"]
[BlackElo "1750"]
[PlyCount "90"]
[EventDate "2010.03.12"]

1. e4 e5 2. Nf3 Nc6 3. Be2 Nf6 4. Nc3 Be7 5. O-O O-O 6. d3 d6 7. Bg5 h6 8. Bxf6
Bxf6 9. h3 Be6 10. Nd5 Bxd5 11. exd5 Ne7 12. c4 Ng6 13. Rb1 c6 14. b3 cxd5 15.
Nh2 d4 16. Bh5 Nf4 17. Qf3 b6 18. Rbd1 Rc8 19. Ng4 Nxh5 20. Nxf6+ Nxf6 21. Qg3
Rc7 22. a4 a6 23. Qh4 b5 24. Rc1 bxc4 25. bxc4 Nd7 26. Qh5 Nc5 27. Qd1 Qd7 28.
Ra1 Rb8 29. a5 Rb3 30. Qf3 Rxd3 31. Qd5 Qc6 32. Qxc6 Rxc6 33. Rab1 Nb3 34. Rb2
Nxa5 35. Rfb1 Nxc4 36. Rb8+ Kh7 37. R1b7 Kg6 38. Rf8 f6 39. Rff7 Nd2 40. g4 Kg5
41. Rxg7+ Kf4 42. Rgf7 Rg3+ 43. fxg3+ Kxg3 44. Rbc7 Rc3 45. Rxf6 Rxc7 0-1

[Event "C.to Provinciale BI-VC"]
[Site "Valle Mosso ITA"]
[Date "2010.03.12"]
[Round "1"]
[White "Scarrone, Alberto"]
[Black "Santo, Sebastiano"]
[Result "1-0"]
[WhiteElo "1820"]
[BlackElo "1469"]
[PlyCount "99"]
[EventDate "2010.03.12"]

1. d4 f5 2. Nc3 Nf6 3. Bg5 e6 4. e4 fxe4 5. Nxe4 Be7 6. Bxf6 Bxf6 7. Qh5+ g6 8.
Qh6 Qe7 9. Nxf6+ Qxf6 10. Nf3 Nc6 11. O-O-O d5 12. h4 Bd7 13. Bd3 O-O-O 14. c3
Rdf8 15. Rde1 Qf4+ 16. Qxf4 Rxf4 17. Re3 Ne7 18. Rhe1 h6 19. R1e2 Rhf8 20. Kd1
Nf5 21. Bxf5 R4xf5 22. Ke1 g5 23. hxg5 hxg5 24. Ne5 Re8 25. Nxd7 Kxd7 26. f3
Kd6 27. Re5 Re7 28. Kf2 Rxe5 29. Rxe5 Rg7 30. Kg3 c5 31. Kg4 cxd4 32. cxd4 Rc7
33. Rxg5 Rc2 34. Kf4 Rxb2 35. Rg7 a5 36. g4 b5 37. g5 Rxa2 38. g6 Ra4 39. Ra7
Rxd4+ 40. Kg5 Rc4 41. g7 Rc8 42. Rxa5 Kc5 43. Kf6 d4 44. Ra1 Kd6 45. Rb1 d3 46.
Rd1 Kd5 47. Rxd3+ Kc4 48. Rd2 Rg8 49. Kxe6 b4 50. Kf7 1-0

[Event "C.to Provinciale BI-VC"]
[Site "Valle Mosso ITA"]
[Date "2010.03.12"]
[Round "1"]
[White "Stefanini, Niccolo'"]
[Black "Caldi, Mario"]
[Result "0-1"]
[WhiteElo "1464"]
[BlackElo "1819"]
[PlyCount "72"]
[EventDate "2010.03.12"]

1. e4 e6 2. d4 d5 3. Nc3 Bb4 4. exd5 Bxc3+ 5. bxc3 exd5 6. Nf3 Ne7 7. Ba3 O-O
8. Be2 Re8 9. O-O c6 10. Rb1 Nd7 11. Re1 Nf6 12. c4 b6 13. Ne5 Qc7 14. Bd3 Be6
15. h3 Rad8 16. c5 Bf5 17. cxb6 axb6 18. Bxe7 Rxe7 19. Bxf5 Rde8 20. c3 Ne4 21.
Re3 Nd6 22. Bd3 Ne4 23. Bxe4 dxe4 24. Qb3 b5 25. Rxe4 Kf8 26. Rh4 h6 27. Qb4
Kg8 28. Qc5 f6 29. Nd3 Re2 30. Ra1 Rd2 31. Nb4 g5 32. Rxh6 Qf4 33. Rf1 Rxf2 34.
Rd1 Rxg2+ 35. Kxg2 Re2+ 36. Kg1 Qg3+ 0-1

[Event "C.to Provinciale BI-VC"]
[Site "Valle Mosso ITA"]
[Date "2010.03.12"]
[Round "1"]
[White "Zannoni, Gianni"]
[Black "Vanoli, Ottavio"]
[Result "1/2-1/2"]
[WhiteElo "1845"]
[BlackElo "1527"]
[PlyCount "127"]
[EventDate "2010.03.12"]

1. e4 d6 2. d4 Nf6 3. Nc3 g6 4. f4 Bg7 5. Nf3 Bg4 6. h3 Bxf3 7. Qxf3 c6 8. Be3
Qb6 9. Rb1 Qa5 10. Bd3 d5 11. O-O dxe4 12. Bxe4 Qh5 13. g4 Qa5 14. b4 Qc7 15.
Bd3 O-O 16. Rfe1 e6 17. Ne4 Nd5 18. c3 Nxe3 19. Rxe3 Nd7 20. a4 Nb6 21. Bc2 Nd5
22. Re2 Nxf4 23. Rf2 Nd5 24. Bb3 Rae8 25. Rbf1 e5 26. g5 exd4 27. Bxd5 cxd5 28.
Nf6+ Bxf6 29. gxf6 Re3 30. Qxd5 Rd8 31. Qc5 Rxc3 32. Qe7 Qxe7 33. fxe7 Re8 34.
Rxf7 Rcc8 35. R7f4 Rxe7 36. Rxd4 Rce8 37. Kg2 Re4 38. Rf4 Rxf4 39. Rxf4 Kg7 40.
Rc4 Re7 41. Kf3 Kf6 42. Rf4+ Ke5 43. Re4+ Kd6 44. Rd4+ Kc6 45. Rc4+ Kd5 46. Rf4
b6 47. h4 Ke5 48. Rc4 h6 49. Re4+ Kf6 50. Rf4+ Kg7 51. Rd4 Rf7+ 52. Kg3 g5 53.
hxg5 hxg5 54. Kg4 Kh6 55. Rd6+ Kg7 56. Kxg5 Rc7 57. Rd4 Kf7 58. Kf5 Ke7 59. Ke5
Rc1 60. a5 bxa5 61. bxa5 Rc5+ 62. Rd5 Rxd5+ 63. Kxd5 Kd7 64. Kc5 1/2-1/2

[Event "C.to Provinciale BI-VC"]
[Site "Valle Mosso ITA"]
[Date "2010.03.24"]
[Round "2"]
[White "Caldi, Mario"]
[Black "Migliorini, Matteo"]
[Result "1-0"]
[WhiteElo "1819"]
[BlackElo "1638"]
[PlyCount "111"]
[EventDate "2010.03.12"]

1. e4 e5 2. Nf3 Nc6 3. Bc4 Bc5 4. c3 Nf6 5. d4 exd4 6. cxd4 Bb4+ 7. Nc3 Nxe4 8.
O-O Bxc3 9. d5 Bf6 10. Re1 Ne7 11. Rxe4 d6 12. Bg5 Bxg5 13. Nxg5 O-O 14. Qe2
Ng6 15. Qh5 h6 16. Ne6 fxe6 17. Qxg6 e5 18. Qg3 Bf5 19. Rh4 Qf6 20. f4 exf4 21.
Rxf4 Qxb2 22. Raf1 Bd7 23. Qf3 Rxf4 24. Qxf4 Qf6 25. Qe3 Qg5 26. Qf3 Qe7 27.
Bd3 Rf8 28. Bh7+ Kxh7 29. Qxf8 Qe5 30. Qf7 Bb5 31. Qf5+ Qxf5 32. Rxf5 Bc4 33.
a3 Kg6 34. g4 b5 35. Kf2 Bd3 36. Rf4 Bc4 37. Rd4 Kf6 38. Ke3 Ke5 39. Re4+ Kxd5
40. Re7 c5 41. Rxg7 a6 42. Rg6 b4 43. axb4 cxb4 44. Rxh6 b3 45. Rh5+ Kc6 46.
Kd2 d5 47. g5 d4 48. g6 d3 49. Kc3 Kb6 50. Rh4 Be6 51. g7 Kb5 52. Rb4+ Kc5 53.
Rxb3 d2 54. Rb1 Kd6 55. Kxd2 Ke7 56. Re1 1-0